| 000 | 00000nam##2200000za#4500 |
| 001 | 9.633074 |
| 003 | CaOODSP |
| 005 | 20210624215141 |
| 007 | cr ||||||||||| |
| 008 | 150407|2005||||xxc|||||o f|0| 0 fre|d |
| 040 | |aCaOODSP|bfre |
| 043 | |an-cn--- |
| 086 | 1 |aSW21-150/2005F-PDF |
| 110 | 1 |aCanada. |bCondition féminine Canada. |
| 245 | 10|aRapport sur la consultation en ligne de Condition féminine Canada sur l'égalité entre les sexes |h[ressource électronique] |
| 260 | |aOttawa - Ontario : |bCondition féminine Canada |c2005. |
| 300 | |a30p.|bgraphiques, tableaux |
| 500 | |a«Données analysées pour Condition féminine Canada par Pavla Selepova.»--Page 1. «Le présent document fait état des réponses fournies dans le cadre de la Consultation en ligne sur l’égalité entre les sexes qui s’est tenue du 9 septembre au 10 novembre 2005.»--Page 3. |
| 590 | |a06-10-Supp|b2006-12-15 |
| 691 | 07|aConsultation|2gcpds |
| 691 | 07|aÉgalité des sexes|2gcpds |
| 691 | 07|aInternet|2gcpds |
| 775 | 08|tReport on Status of Women Canada's on-line consultation on gender equality |w(CaOODSP)9.688653 |
| 856 | 40|ahttp://publications.gc.ca|qPDF|s296 Ko|uhttps://publications.gc.ca/collections/Collection/SW21-150-2005F.pdf |